15 Best Countries in Production of Watermelon - Statistics

General Stats
  • This quiz has been taken 46 times
  • The average score is 9 of 15
Answer Stats
Amount Answer % Correct
1,795,636 United States of America
91%
63,955,831 China
89%
2,597,989 India
89%
1,467,155 Mexico
89%
2,294,928 Brazil
86%
1,129,973 Spain
73%
4,034,847 Turkey
70%
1,416,600 Egypt
66%
2,007,273 Russia
66%
4,221,263 Iran
61%
711,183 Morocco
48%
2,140,040 Algeria
41%
1,235,540 Vietnam
41%
1,313,806 Kazakhstan
18%
1,984,031 Uzbekistan
18%
No matching quizzes found
Score Distribution
Percent of People with Each Score
Percentile by Number Answered
Your Score History
You have not taken this quiz